Central Library OPAC University of Rajshahi

Group theory and the Coulomb problem / (Record no. 7744)

MARC details
000 -LEADER
fixed length control field 00733cam a2200265 a 4500
001 - CONTROL NUMBER
control field 7744
003 - CONTROL NUMBER IDENTIFIER
rucl marc code BD-RjUL
005 - DATE AND TIME OF LATEST TRANSACTION
control field 20211208234452.0
008 - FIXED-LENGTH DATA ELEMENTS--GENERAL INFORMATION
fixed length control field 140115s1972 nyu 001 0 eng
020 ## - INTERNATIONAL STANDARD BOOK NUMBER
International Standard Book Number 0471241652
035 ## - SYSTEM CONTROL NUMBER
System control number (BD-RjUL)7788
040 ## - CATALOGING SOURCE
Original cataloging agency LC
Language of cataloging eng
Transcribing agency LC
Modifying agency NSL:R
-- BD-RjUL
041 ## - LANGUAGE CODE
Language code of text/sound track or separate title eng
082 00 - DEWEY DECIMAL CLASSIFICATION NUMBER
Classification number 512.2202453
Author mark and year ENG 1972
100 1# - MAIN ENTRY--PERSONAL NAME
Personal name Englefield, M. J.
9 (RLIN) 24148
245 10 - TITLE STATEMENT
Title Group theory and the Coulomb problem /
Statement of responsibility, etc. by M. J. Englefield.
260 ## - PUBLICATION, DISTRIBUTION, ETC. (IMPRINT)
Place of publication, distribution, etc. New York :
Name of publisher, distributor, etc. Wiley-Interscience,
Date of publication, distribution, etc. 1972.
300 ## - PHYSICAL DESCRIPTION
Pagination viii, 120 p. ;
Size 24 cm.
504 ## - BIBLIOGRAPHY, ETC. NOTE
Bibliography, etc Includes index.
650 #0 - SUBJECT ADDED ENTRY--TOPICAL TERM
Topical term or geographic name as entry element Group theory.
9 (RLIN) 20343
Topical term or geographic name as entry element Harmonic analysis.
9 (RLIN) 20535
942 ## - ADDED ENTRY ELEMENTS (KOHA)
Source of classification or shelving scheme Dewey Decimal Classification
Koha item type Books
Holdings
Lost status Source of classification or shelving scheme Damaged status Not for loan Collection code Permanent Location Current Location Shelving location Date acquired Source of acquisition Cost, normal purchase price Total Checkouts Full call number Date last seen Copy number Koha item type
  Dewey Decimal Classification   Not For Loan Non-fiction Central Library, University of Rajshahi Central Library, University of Rajshahi   14/01/1974 Euro Bangladesh News Agency 107.55   512.2202453 ENG 1972 15/01/2014 C-1 Books